书目信息 |
| 题名: |
大论争
|
|
| 作者: | 刘勇 , 刘化民 主编 | |
| 分册: | 上册 基本完成社会主义改造时期 | |
| 出版信息: | 珠海 珠海出版社 2001.4 |
|
| 页数: | 293页 | |
| 开本: | 21cm | |
| 丛书名: | ||
| 单 册: | ||
| 中图分类: | K270.6 | |
| 科图分类: | ||
| 主题词: | 政治思想史--中国--1949-2000 , 历史事件--中国--1949-2000 | |
| 电子资源: | ||
| ISBN: | 7-80607-773-1 | |
| 000 | 00886nam0 2200265 45 | |
| 001 | 012000001359 | |
| 005 | 20031219104054.0 | |
| 010 | @a7-80607-773-1@dCNY58.00 | |
| 100 | @a20010804d2001 em y0chiy0120 ea | |
| 101 | 0 | @achi |
| 102 | @aCN@b440000 | |
| 105 | @ay a 000yy | |
| 106 | @ar | |
| 200 | 1 | @a大论争@Ada lun zheng@e建国以来重要论争实录@h上册@i基本完成社会主义改造时期@f刘勇, 高化民主编 |
| 210 | @a珠海@c珠海出版社@d2001.4 | |
| 215 | @a293页@d21cm | |
| 517 | 1 | @a建国以来重要论争实录@Ajian guo yi lai zhong yao lun zheng shi lu |
| 517 | 1 | @a基本完成社会主义改造时期@Aji ben wan cheng she hui zhu yi gai zao shi qi |
| 606 | 0 | @a政治思想史@y中国@z1949-2000 |
| 606 | 0 | @a历史事件@y中国@z1949-2000 |
| 690 | @aK270.6@v4 | |
| 701 | 0 | @a刘勇@Aliu yong@4主编 |
| 701 | 0 | @a刘化民@Aliu hua min@4主编 |
| 801 | @aCN@bTSTC@c20020403 | |
| 905 | @b307330-334@dK270.6@e29:1@f5 | |
| 大论争:建国以来重要论争实录.上册.基本完成社会主义改造时期/刘勇, 高化民主编.-珠海:珠海出版社,2001.4 |
| 293页;21cm |
| ISBN 7-80607-773-1:CNY58.00 |
| ● |
| 相关链接 |
|
|
|
|
正题名:大论争
索取号:K270.6/29:1
 
预约/预借
| 序号 | 登录号 | 条形码 | 馆藏地/架位号 | 状态 | 备注 |
| 1 | 0307330 | 203073306 | 第二借阅区/ [索取号:K270.6/29:1] | 在馆 | |
| 2 | 0307331 | 203073315 | 密集书库/ [索取号:K270.6/29:1] | 在馆 | |
| 3 | 0307332 | 203073324 | 第二借阅区/ [索取号:K270.6/29:1] | 在馆 | |
| 4 | 0307333 | 203073333 | 密集书库/ [索取号:K270.6/29:1] | 在馆 | |
| 5 | 0307334 | 203073342 | 第二样本阅览室/ [索取号:K270.6/29:1] | 在馆 |